01015 a2200205 45000010006000000050017000060080041000230030015000640400040000790800062001192450088001810200022002692640034002913000019003255050311003440410008006551000024006637000023006878560099007104084120260407155703.0260407a2014 arg spa dAR-UNSa-BCEJYS aAR-UNSa-BCEJYSbspacAR-UNSa-BCEJYS a372.45xIniciación en la escritura (primeras lecciones)10aEstrategias de escritura en la formaciónpla experiencia de enseñar escribiendo a978-987-538-390-6 1aBuenos Aires :bNoveducc2014 a141 p.c28 cm. a1. Contrastes en la experiencia de escribir - 2. Aprender y aprobar: escribir en una cultura escindida - 3. Saber y pensar: más allá de la pedagogía del señor Miyagui - 4. El lugar de las preguntas en la clase - 5. Estrategias de escritura: once propuestas didácticas - 6. Investigar el escribir  aspa1 aMenchón, Ángela1 aBrailovsky, Daniel41uhttps://www.biblioeco.unsa.edu.ar/pmb/images/libros/L126295.jpgyImagen de portadaqimage/jpeg